|
|
|
|
| LEADER |
00000nam0a2200000 4500 |
| 001 |
52568 |
| 005 |
20231101211357.0 |
| 035 |
|
|
|a (RuTPU)RU\TPU\book\55106
|
| 090 |
|
|
|a 52568
|
| 100 |
|
|
|a 20030603d1991 m y0rusy50 ca
|
| 101 |
0 |
|
|a rus
|a ger
|
| 102 |
|
|
|a RU
|
| 105 |
|
|
|a y j 000zy
|
| 200 |
1 |
|
|a Немецкий язык. Книга для чтения для химико-технологических вузов
|e учебное пособие
|f Г. Б. Архипов, Л. В. Егорева
|
| 205 |
|
|
|a 2-е изд., испр. и доп.
|
| 210 |
|
|
|a Москва
|c Высшая школа
|d 1991
|
| 215 |
|
|
|a 78 с.
|
| 606 |
1 |
|
|a Немецкий язык
|x Для вузов
|x Технические хрестоматии
|2 stltpush
|3 (RuTPU)RU\TPU\subj\45402
|9 64644
|
| 610 |
1 |
|
|a книги для чтения
|
| 610 |
1 |
|
|a химическая технология
|
| 610 |
1 |
|
|a учебные пособия
|
| 686 |
|
|
|a Ш143.24-923.81
|v LBC/SL-A
|2 rubbk
|
| 700 |
|
1 |
|a Архипов
|b Г. Б.
|g Герман Борисович
|
| 701 |
|
1 |
|a Егорева
|b Л. В.
|g Лидия Васильевна
|
| 801 |
|
1 |
|a RU
|b 63413507
|c 20030603
|g PSBO
|
| 801 |
|
2 |
|a RU
|b 63413507
|c 20171212
|g PSBO
|
| 942 |
|
|
|c BK
|